विद्यालयों में यौन शिक्षा / (Record no. 120842)
[ view plain ]
| 000 -LEADER | |
|---|---|
| fixed length control field | 01094nam a22002537a 4500 |
| 005 - DATE AND TIME OF LATEST TRANSACTION | |
| control field | 20170124103204.0 |
| 010 ## - LIBRARY OF CONGRESS CONTROL NUMBER | |
| LC control number | B-195237 |
| 020 ## - INTERNATIONAL STANDARD BOOK NUMBER | |
| Terms of availability | 175.00 |
| International Standard Book Number | 8173155569 |
| 035 ## - SYSTEM CONTROL NUMBER | |
| System control number | B-195237 |
| 037 ## - SOURCE OF ACQUISITION | |
| Source of stock number/acquisition | Cen Lib/Ret |
| 040 ## - CATALOGING SOURCE | |
| Original cataloging agency | DPL |
| Language of cataloging | HN |
| 082 ## - DEWEY DECIMAL CLASSIFICATION NUMBER | |
| Classification number | 372.372 |
| Item number | अरोड़ा |
| 100 ## - MAIN ENTRY--PERSONAL NAME | |
| Personal name | अरोड़ा, पंकज |
| 9 (RLIN) | 92927 |
| 245 ## - TITLE STATEMENT | |
| Title | विद्यालयों में यौन शिक्षा / |
| Statement of responsibility, etc | पंकज अरोड़ा |
| 246 ## - VARYING FORM OF TITLE | |
| Title proper/short title | Vidhyalayon me yaun shiksha / |
| Remainder of title | by Pankaj Arora |
| 260 ## - PUBLICATION, DISTRIBUTION, ETC. (IMPRINT) | |
| Place of publication, distribution, etc | नई दिल्ली |
| Name of publisher, distributor, etc | प्रभात प्रकाशन |
| Date of publication, distribution, etc | 2005 |
| 270 ## - ADDRESS | |
| Address | 4/19, आसफ अली रोड |
| City | नई दिल्ली |
| Postal code | 110002 |
| 300 ## - PHYSICAL DESCRIPTION | |
| Extent | 167पृ. |
| Dimensions | 20सेमी(सजिल्द) |
| 650 ## - SUBJECT ADDED ENTRY--TOPICAL TERM | |
| Topical term or geographic name as entry element | यौन शिक्षा -- आवश्यकता |
| 9 (RLIN) | 45246 |
| 650 ## - SUBJECT ADDED ENTRY--TOPICAL TERM | |
| Topical term or geographic name as entry element | यौन शिक्षा -- कार्यक्रम |
| 9 (RLIN) | 76438 |
| 650 ## - SUBJECT ADDED ENTRY--TOPICAL TERM | |
| Topical term or geographic name as entry element | Sexual education - required |
| 9 (RLIN) | 92928 |
| 650 ## - SUBJECT ADDED ENTRY--TOPICAL TERM | |
| Topical term or geographic name as entry element | Sex education - program |
| 9 (RLIN) | 92929 |
| 942 ## - ADDED ENTRY ELEMENTS (KOHA) | |
| Source of classification or shelving scheme | Dewey Decimal Classification |
| Koha item type | Hindi Books |
| Classification part | 372.372 |
| Call number suffix | अरोड़ा |
| Withdrawn status | Lost status | Damaged status | Not for loan | Home library | Current library | Date acquired | Source of acquisition | Cost, normal purchase price | Total Checkouts | Full call number | Barcode | Date last seen | Copy number | Cost, replacement price | Price effective from | Koha item type |
|---|---|---|---|---|---|---|---|---|---|---|---|---|---|---|---|---|
| Central Library | Central Library | 29/09/2015 | Cen Lib/Ret | 175.00 | 372.372 अरोड़ा | B-195237 | 29/09/2015 | 1 | 175.00 | 29/09/2015 | Hindi Books |
